| 000 | 00430nam a22000977a 4500 | ||
|---|---|---|---|
| 008 | 110705t xxu||||| |||| 00| 0 eng d | ||
| 010 | _aCAEPAF74 | ||
| 245 | _aCourt of Appeal Election Petition Application No. 04 OF 2003 Wanendeya William Giboni Vs Giboi Kibale David George | ||
| 260 | _c2003 | ||
| 500 | _aCORAM: HON. JUSTICE G.M. OKELLO, JA HON. JUSTICE A. TWINOMUJUNI, JA HON. JUSTICE C.N.B. KITUMBA, JA | ||
| 999 |
_c4526 _d4526 |
||